The theory of the leisure class / (Record no. 2271)
[ view plain ]
| 000 -LEADER | |
|---|---|
| fixed length control field | 00633pam a2200169 4500 |
| 001 - CONTROL NUMBER | |
| control field | 2835 |
| 005 - DATE AND TIME OF LATEST TRANSACTION | |
| control field | 20181127165911.0 |
| 008 - FIXED-LENGTH DATA ELEMENTS--GENERAL INFORMATION | |
| fixed length control field | 931029r19941899nyu 000 0 eng |
| 010 ## - LIBRARY OF CONGRESS CONTROL NUMBER | |
| LC control number | 93042900 |
| 100 1# - MAIN ENTRY--PERSONAL NAME | |
| Personal name | Veblen, Thorstein, |
| Dates associated with a name | 1857-1929 |
| 245 14 - TITLE STATEMENT | |
| Title | The theory of the leisure class / |
| Statement of responsibility, etc. | Thorstein Veblen. |
| 260 ## - PUBLICATION, DISTRIBUTION, ETC. | |
| Place of publication, distribution, etc. | New York : |
| Name of publisher, distributor, etc. | Mentor Book, |
| Date of publication, distribution, etc. | c1953. |
| 300 ## - PHYSICAL DESCRIPTION | |
| Extent | xix, 261 p. ; |
| Dimensions | 21 cm. |
| 500 ## - GENERAL NOTE | |
| General note | Electronic copy available on RTC Cloud in "Library" folder |
| 650 #0 - SUBJECT ADDED ENTRY--TOPICAL TERM | |
| Topical term or geographic name entry element | Leisure class. |
| 856 ## - ELECTRONIC LOCATION AND ACCESS | |
| Host name | |
| Uniform Resource Identifier | <a href="http://www.wilsonsd.org/cms/lib01/PA01000270/Centricity/Domain/185/Theory-Leisure-Class.pdf">http://www.wilsonsd.org/cms/lib01/PA01000270/Centricity/Domain/185/Theory-Leisure-Class.pdf</a> |
| Link text | The theory of the leisure class |
| Public note | |
| Materials specified | |
| Withdrawn status | Lost status | Source of classification or shelving scheme | Damaged status | Not for loan | Collection code | Home library | Current library | Shelving location | Date acquired | Serial Enumeration / chronology | Inventory number | Total Checkouts | Full call number | Barcode | Date last seen | Date last checked out | Price effective from | Koha item type |
|---|---|---|---|---|---|---|---|---|---|---|---|---|---|---|---|---|---|---|
| Dewey Decimal Classification | Main TEST | RTC Library | RTC Library | Main opac | 12/01/2022 | 5107 | 1 | 305.52 VEB | 30005190 | 12/01/2022 | 28/10/2020 | 27/11/2018 | Main |